000 00556nam a2200241Ia 4500
003 OSt
005 20221007082211.0
006 a|||||r|||| 00| 0
007 ta
008 221006b |||||||| |||| 00| 0 eng d
024 _a19,245
037 _cTextual
040 _aFLL
_cFLL
_beng
041 _2eng
_aeng
082 _aZ:91, G8
100 _aGray
_9491103
245 0 _aNature and sources of the law
250 _a1st
260 _c1938
300 _a344p
_ccm.
942 _hZ:91, G8
_cTEXL
_2CC
999 _c1165641
_d1165641